000 00683nam a2200265Ia 4500
001 141176
003 233519
005 20241002063742.0
008 ||||||n9999 ||| || ||
082 _a330
100 _aFitoussi, Jean-Paul
_9160351
245 0 _aEl debate prohibido
_bmoneda, Europa, pobreza
_cJean-Paul Fitoussi ; traducción de Guillermo Sánchez Gallego
562 _e1
650 _aPOBREZA
_9172897
650 0 _aPolítica económica
_9154
650 _aPOLÍTICA MONETARIA--COLOMBIA
_95511
942 _cBKM
999 _c141176
_d141176
526 _a116204
526 _a4969
526 _a19790
526 _a104436
526 _a5144
526 _a51868
526 _a1697